Normal view
MARC view
- تأليف القيسي،عودة الله منيع
Entry Personal Name
001 - CONTROL NUMBER
- control field: 24221
003 - CONTROL NUMBER IDENTIFIER
- control field: JO-AjAnu
005 - DATE AND TIME OF LATEST TRANSACTION
- control field: 20230606074144.0
008 - FIXED-LENGTH DATA ELEMENTS
- fixed length control field: 230606|| aca||aabn | a|a d
040 ## - CATALOGING SOURCE
- Original cataloging agency: JO-AjAnu
- Transcribing agency: JO-AjAnu
100 ## - HEADING--PERSONAL NAME
- Personal name: تأليف القيسي،عودة الله منيع
670 ## - SOURCE DATA FOUND
- Source citation: Work cat.: (JO-AjAnu)12454: تأليف القيسي،عودة الله منيع, author, رائية إبن أبي ربيعة في حبيبته ـــ نعم ـــ : نقد وتحليل